Central Library OPAC University of Rajshahi

Describing discourse : (Record no. 51595)

MARC details
000 -LEADER
fixed length control field 00788nam a2200265 a 4500
001 - CONTROL NUMBER
control field 51595
003 - CONTROL NUMBER IDENTIFIER
rucl marc code BD-RJUL
005 - DATE AND TIME OF LATEST TRANSACTION
control field 20211209075702.0
008 - FIXED-LENGTH DATA ELEMENTS--GENERAL INFORMATION
fixed length control field 160831s2006 enkap 001 0 eng d
020 ## - INTERNATIONAL STANDARD BOOK NUMBER
International Standard Book Number 0340809612
035 ## - SYSTEM CONTROL NUMBER
System control number (BD-RjUL)51715
040 ## - CATALOGING SOURCE
Original cataloging agency BD-RjUL
Language of cataloging eng
Transcribing agency BD-RjUL
041 ## - LANGUAGE CODE
Language code of text/sound track or separate title eng
080 ## - UNIVERSAL DECIMAL CLASSIFICATION NUMBER
Universal Decimal Classification number 519.2
082 ## - DEWEY DECIMAL CLASSIFICATION NUMBER
Classification number 519.5
Edition number 19
Classification number 401.41
Edition number 23
Author mark and year FRS 1960
100 10 - MAIN ENTRY--PERSONAL NAME
Personal name Woods, Nicola
9 (RLIN) 154226
245 10 - TITLE STATEMENT
Title Describing discourse :
Remainder of title a practical guide to discourse analysis /
Statement of responsibility, etc. Nicola Woods
260 ## - PUBLICATION, DISTRIBUTION, ETC. (IMPRINT)
Place of publication, distribution, etc. London :
Name of publisher, distributor, etc. Distributed in the United States of America by Oxford University Press,
Date of publication, distribution, etc. c2006
300 ## - PHYSICAL DESCRIPTION
Pagination xviii, 204 p. :
Illustrations ill. ;
Size 18 cm.
500 ## - GENERAL NOTE
General note Includes index
650 #0 - SUBJECT ADDED ENTRY--TOPICAL TERM
Topical term or geographic name as entry element Discourse analysis.
9 (RLIN) 154227
942 ## - ADDED ENTRY ELEMENTS (KOHA)
Source of classification or shelving scheme Dewey Decimal Classification
Koha item type Books
Holdings
Lost status Source of classification or shelving scheme Damaged status Not for loan Collection code Permanent Location Current Location Shelving location Date acquired Source of acquisition Cost, normal purchase price Total Checkouts Full call number Date last seen Copy number Koha item type
  Dewey Decimal Classification     Non-fiction Central Library, University of Rajshahi Central Library, University of Rajshahi   04/06/2009 Dhaka paragon enterprises ltd. 17.99   401.41 WOD 2006 17/10/2016 C-2 Books
  Dewey Decimal Classification   Not For Loan Non-fiction Central Library, University of Rajshahi Central Library, University of Rajshahi Reading Room 04/06/2009 Dhaka, Ahsania Mission Book Distribute : House 17.99   401.41 WOD 2006 15/01/2017 C-1 Books